Statistics for Musical Acts by Letter - E

Click here to take the quiz!

General Stats

  • This quiz has been taken 37,964 times
    (21,370 since last reset)
  • The average score is 10 of 16

Answer Stats

Years ActiveCountrySongsBand or Artist% Correct
2011 -Thinking Out Loud | Shape of YouEd Sheeran
93%
1996 -Lose Yourself | Rap GodEminem
90%
1969 -Rocket Man | Crocodile RockElton John
89%
1954 - 1977Hound Dog | Jailhouse RockElvis Presley
88%
1972 -Hotel California | DesperadoThe Eagles
85%
1983 -The Final Countdown | CarrieEurope
66%
1981 - 2005Sweet Dreams (Are Made of This) |
Sexcrime (Nineteen Eighty-Four)
Eurythmics
66%
2010 -Love Me Like You Do | BurnEllie Goulding
63%
1995 -Bailando | Cuando Me EnamoroEnrique Iglesias
59%
1971 -September | Boogie WonderlandEarth, Wind & Fire
58%
2003 -My Immortal | Bring Me to LifeEvanescence
58%
1970 -Tears in Heaven | Wonderful TonightEric Clapton
57%
1971 -Mr. Blue Sky | Don't Bring Me DownElectric Light Orchestra
52%
1987 -Orinoco Flow | Only TimeEnya
44%
1936 - 1963La Vie en Rose | Non, je ne regrette rienÉdith Piaf
43%
1977 -Alison | Watching the DetectivesElvis Costello
24%

Score Distribution

Percentile by Number Answered

Percent of People with Each Score

Your Score History

You have not taken this quiz since the last reset